MDQL
is popping MORE tags! Check the
thread
!
Quizzes
Events
Quiz Creation
Community
Videos
Private Events
Remove Ads
Sign In
Join for FREE
Feedback
Dark Mode
Quiz Categories
Sports
Geography
Music
Movies
Television
Just For Fun
Miscellaneous
History
Literature
Language
Science
Gaming
Entertainment
Religion
Holiday
For Kids
Quiz Lab
Recent
Popular Today
Quiz Kudos Today
Editor Picks
Curator Picks
Quizzes by...
Day
Popularity
Type
Ratings
Length
Year
Community
Subscriptions
Recent Discussions
Orange Saloon
Badges
Playlists
Quests
Create
Leaderboards
Showdown
Live 5
Trivia Bingo
Activity
Puzzle Library
Sporcle Events
Private Events
Virtual Trivia
Globe League
Become a Host
Pub Owners
SporcleCon
Opinionation
Our Games
Videos
Blog
Mobile Apps
Partnerships
Remove Ads and Go Orange
Feedback
Sports
Athletes
MLB
NBA
NHL
NFL
Soccer
Sports Teams
WWE
NCAA
Football
Premier League
Basketball
Baseball
Hockey
Golf
Tennis
Cricket
Rugby
Auto Racing
Olympics
World Cup
Sports
Athletes
MLB
NBA
NHL
NFL
Soccer
Sports Teams
WWE
NCAA
Football
Premier League
Basketball
Baseball
Hockey
Golf
Tennis
Cricket
Rugby
Auto Racing
Olympics
World Cup
Random Quiz
Search Sporcle
×
Quiz Lab
Quiz Lab
Sports
past
Type in answers that appear in a list
Type in answers that appear in a list
Classic
Best Score? Go Orange.
Guess the footballer based on their teammates 2 Stats
Can you name the footballers based on their teammates (club or international, past or present)
By
JonathanMorgan
10m
20 Questions
306 Plays
306 Plays
306 Plays
Comments
Comments
Give Quiz Kudos
Give Quiz Kudos
-
- Ratings
hide this ad
Replay
Link that replays current quiz
Next Quiz
Link to next quiz in quiz playlist
You Got
0%
They Got
Avg Score
13%
Avg Friend Score
Upgrade to see
Score Distribution
Jump to the score distribution portion of the page
Score
0/20
Timer
10:00
0
Plays Today
Hint
Answer
% Correct
Alexis Sanchez, Kevin Kampl, Paul Pogba, Manuel Neuer
Arturo Vidal
51.8%
Marouane Fellaini, Marko Arnautovic, Willian, Ricardo Rodriguez, Raheem Sterling
Kevin de Bruyne
37.7%
Ivan Rakitic, Sebastian Prodl, Karim Benzema, Laurent Koscielny, Joshua Kimmich
Mesut Ozil
23.3%
Milan Badelj, Hakan Calhanoglu, Ki Sung-
Yueng, Harry Kane
Son Heung-min
22%
Aritz Aduriz, Leonardo Bonucci, Kevin Gameiro, Lukasz Fabianski
Fernando Llorente
21%
Jan Vertonghen, Shane Long, Fernando Torres, Gareth Barry
Romelu Lukaku
17.7%
Cristiano Ronaldo, Leighton Baines, Shane Long, Jordan Pickford
Darron Gibson
12.1%
Kasper Schmeichel, Eden Hazard, Granit Xhaka
Andreas Christensen
12.1%
Medhi Benatia, Stefan Savic, James Rodriguez, Diego Costa, Gonzalo Higuain
Juan Cuadrado
11.5%
David Silva, Tomas Rincon, Franck Ribery, Marco Reus
Jerome Boateng
11.5%
Hint
Answer
% Correct
Luis Suarez, Andre Ayew, Charlie Adam, Georginio Wijnaldum, Michael Carrick
Jonjo Shelvey
9.8%
Antonio Valencia, Simon Mignolet, Hector Bellerin, Ross Barkley
Danny Welbeck
9.8%
Hatem Ben Arfa, Pepe Reina, Victor Moses, Alex Oxlade-
Chamberlain
Andy Carroll
8.9%
Craig Gordon, Steven Davis, Chris Smalling, Hal Robson-
Kanu
Jonny Evans
8.2%
Luka Modric, Shinji Kagawa, Kevin de Bruyne, Joao Mario
Ivan Perisic
6.6%
Scott Dann, Zlatan Ibrahimovic, Sebastien Bassong, Leroy Fer
Martin Olsson
3.6%
John Terry, James McArthur, Angel di Maria, Davie Selke, Klaas-
Jan Huntelaar
Franco di Santo
3.3%
Alexander Buttner, Branislav Ivanovic, Carlos Bacca, Ryan Shawcross, Andres Guardado, Vincent Janssen
Marco van Ginkel
3.3%
Gareth Bale, Joey Barton, Maarten Stekelenburg, Nicolas Gaitan, Mattia Perin, Nordin Amrabat
Adel Taarabt
2%
Ashley Cole, Troy Deeney, Danny Ings, Gonzalo Higuain, Pedro Rodriguez
Nathaniel Chalobah
1.3%
Quiz Playlist
Details
Report
Send in Message
Add To Playlist
Classic:
Type in answers that appear in a list
Last Updated: Jun 3, 2017
Quiz Scoreboard
CHALLENGE
Sign Up to Join the Scoreboard
Show All
Scores
Hide
Comments
May contain spoilers
Recently Published
Two Season TV Shows II
by 123Four
Television
10m
Image Sorting: Flags VI
by Barbecue
Geography
2m
Find the 'City' Movie
by crazypaving
Movies
60s
More to Explore
Quiz From the Vault
Featured Blog Post
14 Easter Pick-up Lines to Find Eggs With
hide this ad
You Might Also Like...
Tags
club
Footballer
International
past
present
teammate
Today's Top Quizzes in Sports
Browse Sports
hide this ad
Today's Top Quizzes in past
Browse past
Top Contributed Quizzes in Sports
1
Les meilleurs buteurs des matchs entre le PSG et l’OM
2
Les entraîneurs de l'OM et du PSG au 21e siècle
3
2022 World Cup Stars
4
Les joueurs passés par le PSG et l'OM
5
Players with Multiple 50 Home Run Seasons
6
Criteria MLB: Left Handed Sluggers
7
FIFA Club World Cup Champions
8
Les joueurs passés par le LOSC et le RC Lens
9
NBA Logic Puzzle 2.0
10
Top 10 NHL Goal Scorers of All Time
Explore More
Trending Topics
Disney
NBA
Kpop
Harry Potter
Crossword
Anime
Marvel
Soccer
The Office
Song
NFL
Pokémon
Country
Puzzle
WWE
hide this ad
More By:
JonathanMorgan
Quiz
Plays
Rating
Category
Featured
Created
Guess the footballer based on their teammates
1,132
Sports
Apr 7, 2017
Guess the footballer based on their teammates 2
306
5.00
Sports
Apr 10, 2017
Go to Creator's Profile
Score Distribution
Quiz Creator Spotlight
JonathanMorgan
Follow
Send a Message
Quizzes Created
-
Created Quiz Play Count
-
More By This Creator
Popular Quizzes Today
1
Find the US States - No Outlines Minefield
2
Colored Red Africa Blitz
3
Find the 'City' Movie
4
5x2 Blitz: Bands
5
The Countries of the World
6
Find the Countries of Europe - No Outlines Minefield
7
Find the US States
8
US States
More Sports Quizzes
Soccer Photo Minefield: Number 7s
Published
Trending Quizzes
Colored Red Europe Blitz I
Colored Red Africa Blitz II
Colored Red Europe Blitz II
Colored Red Africa Blitz III
Colored Red Europe Blitz III
Recently Updated
How Do You Spell That?
pecheneg
Godzilla Movies
pecheneg
Grab Bag: 4-10 Letters
pecheneg
2024 March Madness Bracket
pecheneg
Famous TV Couples
Peacemaker
Champions League XIs: Real Madrid
pecheneg
Largest US Cities 1790-2010
pecheneg
Rides in Walt Disney World
pecheneg
Most Oscar Losses (Acting)
pecheneg
Beyoncé Albums
pecheneg
Trending Topics
Marvel
Disney
Crossword
NBA
Anime
Harry Potter
Kpop
Soccer
The Office
Pokémon
Song
WWE
Country
Puzzle
NFL
Your Account Isn't Verified!
In order to create a playlist on Sporcle, you need to verify the email address you used during registration. Go to your
Sporcle Settings
to finish the process.
Report this User
Report this user for behavior that violates our
Community Guidelines
.
Details:
Send Report
Go to the Sporcle.com Mobile Site →
Comments